| 000 | 01714 a2200169 4500 | ||
|---|---|---|---|
| 020 | _a013146745X (hardcover) | ||
| 020 | _a9780131467453 (hardcover) | ||
| 082 | 0 | 4 | _a658.4012 |
| 090 |
_c5354 _d5354 |
||
| 100 | 1 | _aHrebiniak, Lawrence G. | |
| 245 | 1 | 0 |
_aMaking strategy work : _bleading effective execution and change / _cLawrence G. Hrebiniak. |
| 260 |
_a[S.l.] : _bPearson Prentice Hall, _c2005. |
||
| 300 |
_a408 p. ; _c23 cm. |
||
| 520 | _aWithout effective execution, no business strategy can succeed. Unfortunately, most managers know far more about developing strategy than about executing it -- and overcoming the difficult political and organizational obstacles that stand in their way. In this book, leading consultant and Wharton professor Lawrence Hrebiniak offers the first comprehensive, disciplined process model for making strategy work in the real world. Drawing on his unsurpassed experience, Hrebiniak shows why execution is even more important than many senior executives realize, and sheds powerful new light on why businesses fail to deliver on even their most promising strategies. Next, he offers a systematic roadmap for execution that encompasses every key success factor: organizational structure, coordination, information sharing, incentives, controls, change management, culture, and the role of power and influence in your business. Making Strategy Work concludes with a start-to-finish case study showing how to use Hrebeniak's ideas to address one of today's most difficult business execution challenges: ensuring the success of a merger or acquisition. | ||
| 856 | 4 | 0 |
_3Amazon.com _uhttp://www.amazon.com/exec/obidos/ASIN/013146745X/chopaconline-20 |
| 942 |
_aNBS _cBK _k658.4012 HRE |
||
| 999 |
_c347765 _d347765 |
||